| Record ID | marc_records_scriblio_net/part21.dat:42860271:539 |
| Source | Scriblio |
| Download Link | /show-records/marc_records_scriblio_net/part21.dat:42860271:539?format=raw |
LEADER: 00539nam 22002057a 4500
001 89905058
003 DLC
005 19900117011005.3
008 900112s1989 ii 00000 urd
010 $a 89905058
020 $cRs40.00
025 $aI U 7701
040 $aDLC$cDLC$dDLC
050 00 $aMLCSA 89/01016 (P)
100 00 $aMuṣavvir Sabzvārī,$d1934-
245 10 $aRishte totne kā mausim /$cMuṣavvir Sabzvārī.
260 0 $aLakhnaʼū :$bNuṣrat Pablisharz,$c1989.
300 $a136 p. ;$c22 cm.
500 $aPoems.
500 $aIn Urdu.